|
|
|
|
| LEADER |
01439nam a2200265 a 4500 |
| 001 |
GR-Patra28595 |
| 008 |
080722s2006 gr gz 000 0 gre d |
| 040 |
|
|
|a GrPaTEI
|b gre
|c GR-PaULI
|
| 040 |
|
|
|a GrPaTEI
|b gre
|c GR-PaULI
|
| 100 |
1 |
|
|a Μανέτα, Βασιλική
|
| 245 |
1 |
2 |
|a Ο χαρακτήρας του 3ου ΚΠΣ και η αναπτυξιακή αξιοποίηση του απο την Ελλάδα /
|c Σπουδαστές: Μανέτα Βασιλική, Μόσχοβας Χρήστος ; Εισηγητής: Παπαπετρόπουλος Πέτρος.
|
| 260 |
|
|
|a Πάτρα :
|b ΤΕΙ Πάτρας,
|c 2006
|
| 300 |
|
|
|a 123 σ. :
|b πιν.
|
| 504 |
|
|
|a Βιβλιογραφία
|
| 650 |
|
4 |
|a Ευρωπαϊκή Οικονομική Κοινότητα
|x Κοινοτικά προγράμματα επενδύσεων
|z Ελλάς
|
| 650 |
|
4 |
|a Πτυχιακή εργασία
|y 2006
|
| 700 |
1 |
|
|a Μόσχοβας, Χρήστος
|
| 700 |
1 |
|
|a Παπαπετρόπουλος, Πέτρος
|
| 710 |
0 |
|
|a Σ.Δ.Ο..
|b Τμήμα Λογιστικής
|
| 710 |
0 |
|
|a ΤΕΙ Πάτρας
|
| 856 |
4 |
0 |
|u https://nereus.library.upatras.gr/formerpat/ptyxiakes/sdo/sdo_log/2006-2010/6938pe.pdf
|
| 942 |
|
|
|2 ddc
|
| 952 |
|
|
|0 0
|1 0
|2 ddc
|4 0
|7 1
|9 311398
|a LISK
|b LISK
|c BSC
|d 2021-01-17
|e 24
|f 0
|g 0.00
|l 0
|p 9241006938
|r 2021-01-17 00:00:00
|t 1
|w 2021-01-17
|y BKN
|x 20090313 0 0
|x GrPaTEI
|
| 971 |
|
|
|a .b26761671
|b 16-04-20
|c 26-09-16
|
| 999 |
|
|
|c 178811
|d 178811
|